[Event "Radulescu mem"]
[Site "ROM"]
[Date "2000.??.??"]
[Round "?"]
[White "Vladila, Alina"]
[Black "Achim, Constantin"]
[Result "0-1"]
[WhiteElo "2086"]
[BlackElo "2053"]
[PlyCount "94"]
[EventDate "2000.??.??"]
[Source "www.chesslib.no"]
[SourceDate "2004.05.04"]

1. e4 e5 2. Nf3 Nc6 3. Bb5 a6 4. Ba4 Bc5 5. c3 d6 6. d4 exd4 7. cxd4 Bb4+ 8. Bd2 Bxd2+ 9. Nbxd2 Bd7 10. O-O Nh6 11. Re1 O-O 12. Rc1 Rc8 13. Nf1 Ne7 14. Bxd7 Qxd7 15. Qb3 c6 16. Ne3 b5 17. Qd3 Ng6 18. b4 f5 19. Qb3+ Kh8 20. e5 f4 21. Nf1 d5 22. N1d2 Nf5 23. Qd3 Qe7 24. Nb3 Nfh4 25. Nc5 Nxf3+ 26. Qxf3 Nh4 27. Qg4 Rf5 28. Ne6 Qxe6 29. Qxh4 f3 30. g3 Rcf8 31. Qh3 Kg8 32. Rc3 R8f6 33. Rec1 Rxe5 34. Qxe6+ Rexe6 35. Kf1 Kf7 36. a3 g5 37. Re1 Rxe1+ 38. Kxe1 g4 39. Re3 Rh6 40. Rc3 Ke7 41. Re3+ Kd7 42. Re5 Rxh2 43. Rg5 h5 44. Rg7+ Ke6 45. Rg6+ Kf5 46. Rxc6 Ke4 47. Rxa6 Kd3 0-1

[Event "08sen.DSMM 1999"]
[Site "?"]
[Date "1999.08.02"]
[Round "2"]
[White "Schoene Armin"]
[Black "Hevendehl Hanns-Adolf"]
[Result "0-1"]
[WhiteElo "2099"]
[BlackElo "2017"]
[PlyCount "135"]
[EventDate "1999.??.??"]
[Source "www.chesslib.no"]
[SourceDate "2004.05.04"]

1. e4 e5 2. Nf3 Nc6 3. Bb5 a6 4. Ba4 Bc5 5. O-O Qe7 6. c3 b5 7. Bb3 Bb6 8. d4 d6 9. Bd5 Bd7 10. Ng5 Nh6 11. Qh5 O-O 12. dxe5 Nxe5 13. Bxa8 Rxa8 14. Nd2 Rf8 15. Nb3 Bg4 16. Qh4 f6 17. Nh3 Nhf7 18. Nf4 c6 19. Qg3 g5 20. Nd3 h5 21. Nxe5 Nxe5 22. Nd4 Qh7 23. h3 h4 24. Qe3 Bd7 25. f4 Nf7 26. Qf3 Re8 27. fxg5 fxg5 28. Be3 Bd8 29. Nf5 Ne5 30. Qd1 Nc4 31. Bf2 d5 32. Ne3 Nxe3 33. Bxe3 Rxe4 34. Qf3 Qe7 35. Rae1 Bb6 36. Bxb6 Rxe1 37. Qf2 Re2 38. Qf3 Rxb2 39. a3 Be8 40. Qf5 Bf7 41. Bd4 c5 42. Qc8+ Qe8 43. Qxe8+ Bxe8 44. Bxc5 Bg6 45. Be7 Be4 46. Rf2 Rb3 47. Bxg5 Rxa3 48. Bf6 a5 49. Rf4 Ra2 50. Rg4+ Kf7 51. Bxh4 Ra1+ 52. Kf2 Ke6 53. Rf4 Rc1 54. Rf6+ Ke5 55. Rb6 Rc2+ 56. Ke1 a4 57. Bf6+ Kf4 58. Rxb5 a3 59. Ra5 a2 60. c4 dxc4 61. Kd1 Rxg2 62. h4 Ke3 63. Ra3+ Bd3 64. Kc1 Rc2+ 65. Kd1 Rf2 66. Kc1 Rxf6 67. Rxa2 c3 68. Re2+ 0-1

[Event "Rh.Wiedenbrück(12.08.-18.08)"]
[Site "?"]
[Date "2001.08.15"]
[Round "4.2"]
[White "Degenhardt Norbert"]
[Black "Seeck Klaus"]
[Result "0-1"]
[WhiteElo "2007"]
[BlackElo "2097"]
[PlyCount "48"]
[EventDate "2001.??.??"]
[Source "www.chesslib.no"]
[SourceDate "2004.05.04"]

1. e4 e5 2. Nf3 Nc6 3. Bb5 a6 4. Ba4 Bc5 5. O-O d6 6. c3 Ba7 7. h3 Bd7 8. d3 h6 9. Be3 Bxe3 10. fxe3 Nf6 11. Nbd2 O-O 12. Rf2 Qe7 13. Nf1 Nh7 14. Ng3 g6 15. Kh2 Kg7 16. Qe2 h5 17. Rg1 Rh8 18. Nf1 Nf6 19. Kh1 Ng4 20. hxg4 hxg4+ 21. N3h2 g3 22. Bb3 gxh2 23. Nxh2 Qh4 24. Rxf7+ Kh6 0-1

[Event "Wattens op 14th"]
[Site "?"]
[Date "1999.??.??"]
[Round "1"]
[White "Berezjuk Sergej"]
[Black "Spitzl Robert"]
[Result "1-0"]
[WhiteElo "2350"]
[BlackElo "1740"]
[PlyCount "61"]
[EventDate "1999.??.??"]
[Source "www.chesslib.no"]
[SourceDate "2004.05.04"]

1. e4 e5 2. Nf3 Nc6 3. Bb5 a6 4. Ba4 Bc5 5. c3 b5 6. Bc2 Qf6 7. O-O Bb7 8. d4 Bb6 9. Bg5 Qd6 10. Nxe5 Nxe5 11. Bf4 f6 12. dxe5 Qxd1 13. Rxd1 O-O-O 14. Nd2 Re8 15. Nf3 g5 16. Bg3 g4 17. e6 dxe6 18. Nd4 h5 19. Bh4 c5 20. Ne2 Bc7 21. a4 Be5 22. axb5 axb5 23. Ra5 Bc6 24. Bg3 Bxg3 25. hxg3 Rd8 26. Rxd8+ Kxd8 27. Nf4 Kd7 28. Ra7+ Kd6 29. Ng6 Rh6 30. Rg7 Be8 31. e5+ 1-0

[Event "Konik Open"]
[Site "CZE"]
[Date "1995.??.??"]
[Round "?"]
[White "Virostko, Petr"]
[Black "Votava, Petr"]
[Result "0-1"]
[WhiteElo "1935"]
[BlackElo "2140"]
[PlyCount "92"]
[EventDate "1995.??.??"]
[Source "www.chesslib.no"]
[SourceDate "2004.05.04"]

1. e4 e5 2. Nf3 Nc6 3. Bb5 a6 4. Ba4 Bc5 5. O-O Qf6 6. c3 Nge7 7. d3 h6 8. Be3 Ba7 9. Bxa7 Rxa7 10. d4 b5 11. Bc2 d6 12. a4 Rb7 13. d5 Nb8 14. axb5 axb5 15. Nbd2 O-O 16. Bd3 g5 17. b4 Ng6 18. Qb3 Nf4 19. c4 bxc4 20. Nxc4 Nxg2 21. Nfxe5 dxe5 22. Kxg2 Bh3+ 23. Kg1 Qf3 24. Ne3 Bxf1 25. Nxf1 Nd7 26. Qc4 Nf6 27. Ng3 Rfb8 28. Be2 Qf4 29. Rb1 g4 30. b5 h5 31. Rb4 h4 32. Nf5 Ra7 33. Bf1 h3 34. Ne7+ Kg7 35. Nf5+ Kg6 36. Qc5 Ra2 37. b6 Rxb6 38. Rxb6 cxb6 39. Qxb6 Qxe4 40. Qb3 Ra1 41. Ne3 g3 42. fxg3 Nxd5 43. Nd1 Qd4+ 44. Nf2 Ne3 45. Qb5 Rxf1+ 46. Qxf1 Nxf1 0-1